| 000 | 00000nam 2200000zi 4500 |
| 001 | 9.938892 |
| 003 | CaOODSP |
| 005 | 20240719133617 |
| 006 | m o d f |
| 007 | cr |n||||||||| |
| 008 | 240531e202406##onc ob f00| 0 eng d |
| 020 | |a9780660721781 |
| 040 | |aCaOODSP|beng|erda|cCaOODSP |
| 043 | |an-cn--- |
| 086 | 1 |aFs70-5/2024-044E-PDF |
| 100 | 1 |aDugan, S. |q(Stephen)|eauthor. |
| 245 | 10|aIndirect human health risk assessment of the GloFish Electric Green (GPM2021), GloFish Starfire Red (RPM2022), GloFish Sunburst Orange (OPM2021), and the GloFish Galactic Purple (PPM2021) Pristella Tetras (Pristella maxillaris) : |btransgenic ornamental fishes / |cStephen Dugan, Kassim Ali, and Zerihun Demissie. |
| 264 | 1|aOttawa ON : |bCanadian Science Advisory Secretariat (CSAS), |cJune 2024. |
| 264 | 4|c©2024 |
| 300 | |a1 online resource (iv, 20 pages). |
| 336 | |atext|btxt|2rdacontent |
| 337 | |acomputer|bc|2rdamedia |
| 338 | |aonline resource|bcr|2rdacarrier |
| 490 | 1 |aResearch document, |x1919-5044 ; |v2024/044 |
| 500 | |aIssued also in French under title: Évaluation du risque indirect pour l'environnement et des risques indirects pour la santé humaine posés par les tétras rayon-X (Pristella maxillaris) GloFish Electric Green (GPM2021), GloFish Starfire Red (RPM2022), GloFish Sunburst Orange (OPM2021) et GloFish Galactic Purple (PPM2021) : des poissons d'ornement transgéniques. |
| 500 | |8Title appears with a registered trademark symbol after the words GloFish, Electric Green, Starfire Red, Sunburst Orange, and Galactic Purple. |
| 504 | |aIncludes bibliographical references. |
| 650 | 0|aTransgenic fish|xEnvironmental aspects|zCanada. |
| 650 | 0|aTransgenic fish|xHealth aspects|zCanada. |
| 650 | 0|aTransgenic fish|xRisk assessment|zCanada. |
| 710 | 1 |aCanada. |bDepartment of Fisheries and Oceans. |bNational Capital Region, |eissuing body. |
| 710 | 2 |aCanadian Science Advisory Secretariat, |eissuing body. |
| 775 | 08|tÉvaluation du risque indirect pour l’environnement et des risques indirects pour la santé humaine posés par les tétras rayon-X (Pristella maxillaris) GloFish Electric Green (GPM2021), GloFish Starfire Red (RPM2022), GloFish Sunburst Orange (OPM2021) et GloFish Galactic Purple (PPM2021) : |w(CaOODSP)9.938893 |
| 830 | #0|aResearch document (Canadian Science Advisory Secretariat)|v2024/044.|w(CaOODSP)9.507396 |
| 856 | 40|qPDF|s571 KB|uhttps://publications.gc.ca/collections/collection_2024/mpo-dfo/fs70-5/Fs70-5-2024-044-eng.pdf |